| 000 | 00615nam a2200193Ia 4500 | ||
|---|---|---|---|
| 003 | GCL | ||
| 008 | 140319s9999 xx 000 0 ara d | ||
| 040 |
_aGCL / _cGCL |
||
| 082 | 0 | 4 |
_a910 _bى ج |
| 100 | 1 | _aيسرى الجوهرى | |
| 245 | 1 | 0 |
_aجغرافية العالم / _cيسرى الجوهرى |
| 260 |
_aالقاهرة : _bمؤسسة شباب الجامعة ، _c1993 |
||
| 300 |
_a711 ص ؛ _c24سم |
||
| 650 | 0 | 4 | _aالجغرافيا الطبيعية |
| 650 | 0 | 4 | _aالجغرافيا التاريخية |
| 650 | 0 | 4 | _aالجغرافيا |
| 650 | 0 | 4 | _aجغرافية العالم |
| 942 |
_2ddc _cBK |
||
| 999 |
_c52618 _d52618 |
||